00000000nam##2200000za#4500
0019.523077
003CaOODSP
00520210615083022
007ta
008150406|1993||||xxc|||||     f|0| 0 fre|d
020 |a0-660-58897-8
022 |a0706-148X
040 |aCaOODSP|bfre
041 |aeng
041 |afre
043 |an-cn---
0861 |aS52-2/218-1993
1101 |aCanada.|bServices gouvernementaux Canada. |bServices de traduction.
24510|aDictionnaire de la couche d'ozone / |cpar Denis Rivard.
260 |aOttawa - Ontario : |bServices gouvernementaux Canada. |c1993.
300 |axv, 493p. ; |c22 cm.
4901 |aBulletin de terminologie|x0706-148X|v218
500 |aMot symbole sur la couverture: Série environnement.
5203 |aCe vocabulaire s'adresse spécialement à tous ceux qui utilisent la terminologie relative à la protection de la couche d'ozone. On y répertorie également les sous-domaines des réactions physiochimiques avec l'ozone atmosphérique, les couches atmosphériques et la symptomatologie des cancers de la peau causés par les rayons solaires. Contient environ 1 000 concepts et 3 000 termes.
546 |aBilingue
563 |aCouverture souple
590 |a93-44|b1993-11-05
69107|aPollution atmosphérique|2gcpds
69107|aTerminologie|2gcpds
7201 |aRivard, Denis
7760#|tOzone layer dictionary / |w(CaOODSP)9.590547
791 |tOzone layer dictionary / |eeng|w(CaOODSP)9.523076
830#0|aBulletin de terminologie,|x0706-148X|v218|w(CaOODSP)9.509599